000 00814nam a2200229 i 4500
001 10402
003 ES-MaACL
005 20250808062705.0
007 t|
008 950607s1967 sp ||||1| spa d
080 _a223.2.07
100 0 _aAgustín
_cSanto, Obispo de Hipona.
_9125563
245 1 0 _aObras de San Agustín
_b: XXII : enarraciones sobre los Salmos (4º y último) /
_cedición preparada por el padre Balbino Martín Pérez, O.S.A.
250 _aEd. bilingüe.
260 _aMadrid :
_b[La Editorial Católica],
_c1967.
300 _a948 p. ;
_c20 cm.
490 1 _aBiblioteca de autores cristianos ;
_v264
700 1 _aMartín Pérez, Balbino
_b(O.S.A.)
_977605
830 0 0 _aBiblioteca de autores cristianos
_v264
_9178679
852 _aES-MaACL
_jJ-259
_9R.46092
999 _c10402
_d10402